[Event "Stay Safe Play From Home 210"]
[Site "T#646654Emanuel Laske"]
[Date "2020.06.08"]
[Round "3"]
[White "Chesstiger9"]
[Black "Lazieri3"]
[Result "0-1"]
[WhiteElo "1987"]
[BlackElo "2052"]
[Annotator "TA"]
[PlyCount "110"]
[EventDate "2020.06.08"]
[EventType "swiss (blitz)"]

{[%evp 9,110,43,80,29,81,50,81,25,51,-51,-52,-158,-167,-185,-150,-197,43,-252,-255,-263,286,-220,-76,-286,-293,-372,-325,-530,-539,-607,-601,-580,-581,-676,-676,-924,-975,-1072,-1020,-991,564,561,560,560,546,537,540,532,604,597,578,555,813,697,1116,1089,1062,1068,1012,991,878,0,755,0,943,902,1108,1142,1053,975,1100,0,1126,361,331,0,908,277,274,0,929,9,15,0,0,0,20,0,247,0,29959,29962,12843,6279,5414,1373,6315,0,29988,29985,29987,29978,29978]} 1. d4 d5 2. Nf3 Nf6 3. g3 Bf5 4. Bg2 Qc8 5. O-O Bh3 6. Nc3 {[#] D02: 1 d4 d5 2 Nf3 sidelines, including 2...Nf6 3 g3 and 2...Nf6 3 Bf4.} (6. Bxh3 $16 Qxh3 7. Bf4) 6... h5 $146 (6... Bxg2 $11 {remains equal.} 7. Kxg2 e6) ({Predecessor:} 6... Bxg2 7. Kxg2 Nc6 8. Bf4 a6 9. Ne5 e6 10. Nxc6 bxc6 11. Na4 Bd6 12. Bxd6 cxd6 {1-0 (27) Racz,P (1999)-Benke,K (1851) Budapest 2012}) 7. Bf4 h4 8. Nb5 (8. Bxh3 $16 Qxh3 9. Qd3 (9. Bxc7 hxg3 10. Bxg3 a6 $16)) 8... Na6 $11 9. Qd3 ({Better is} 9. Nxh4 $14 Nh5 10. Be3) 9... hxg3 10. fxg3 (10. Bxg3 $15 Bxg2 11. Kxg2) 10... Bxg2 $17 11. Kxg2 Qh3+ 12. Kg1 Ng4 $2 (12... c6 $19 {Strongly threatening ...Ng4.} 13. Rae1 cxb5 14. Qxb5+ Qd7) 13. Rf2 $2 {[%mdl 8192]} (13. Nxc7+ $14 {was forced to keep a grip.} Nxc7 14. Bxc7) 13... Nxf2 $19 14. Kxf2 O-O-O $4 {[%mdl 8192]} (14... c6 $19 {avoids the disaster.} 15. Nc7+ Nxc7 16. Bxc7 g5 $1 {[%mdl 512]}) 15. c4 $4 {[%mdl 8192] [#]} (15. Nxa7+ $18 {is the narrow road to win.} Kb8 16. Nc6+ $1 {[%mdl 576] Double Attack} Kc8 17. Nxd8 Kxd8 18. Qb5) 15... e6 (15... e5 $1 $19 {[%cal Re5f4]} 16. Nxe5 (16. dxe5 g5) 16... g5 17. Nxa7+ Kb8 18. Nac6+ bxc6 19. Nxc6+ Kc8 20. cxd5 gxf4 21. Qxa6+ Kd7 22. Ne5+ Ke7) 16. Nxa7+ $2 (16. Rc1 $17 Kb8 17. cxd5) 16... Kb8 17. Nb5 f6 18. cxd5 $2 (18. Qg6 dxc4 19. Kg1) 18... g5 19. Nxc7 Nxc7 20. Bxc7+ Kxc7 21. Rc1+ Kb8 22. Qc4 {Qc7+ would kill now.} Bd6 23. dxe6 g4 24. e7 Rc8 $4 {[%mdl 8192] [#]} (24... gxf3 $19 {and life is good for Black.} 25. exd8=Q+ Rxd8 26. Kxf3 Qxh2) 25. Qxc8+ $1 $18 {[%mdl 576] Remove Defender, Promotion} Rxc8 26. Rxc8+ Kxc8 27. e8=Q+ Kc7 28. Qf7+ Kb8 29. Qxf6 gxf3 30. Qxd6+ {[%mdl 4096] Endgame KQ-KQ} Ka8 {intending ...Qg2+.} 31. Kxf3 Qh5+ 32. g4 Qh3+ 33. Qg3 Qf1+ 34. Qf2 Qh3+ 35. Qg3 Qf1+ 36. Qf2 $2 ({White should try} 36. Ke3 $18) 36... Qh1+ $2 {[%mdl 8192]} (36... Qh3+ $11 37. Kf4 Kb8) 37. Qg2 Qd1 38. g5 Qxd4 39. g6 Qd5+ 40. Kf2 $2 (40. e4 $18 Qd3+ 41. Kg4 Qd7+ 42. Kh5) 40... Qf5+ $2 {[%mdl 8192]} (40... Qc5+ $11 41. Kg3 Qe5+ 42. Kf2 Qc5+ 43. Kg3 Qe5+ 44. Kg4 Qd4+ 45. Kf5 Qc5+ 46. Ke6 Qb6+ 47. Ke5 Qxb2+ 48. Kf5 Qb5+ 49. Kf4 Qb2) 41. Ke1 $2 (41. Qf3 Qc5+ 42. Kg3 Qe5+ 43. Qf4) 41... Qb1+ 42. Kf2 Qf5+ 43. Kg1 $2 (43. Qf3 Qc5+ 44. Kg2 Qg5+ 45. Qg3 Qd5+ 46. Kf2 Qc5+ 47. Qe3 Qf5+ 48. Qf3 Qc5+ 49. Kg3 Qd6+ 50. Kh3 Qxg6 51. Qa3+ Kb8 52. Qg3+ Qxg3+ 53. Kxg3) 43... Qb1+ {[#]} 44. Kf2 $2 (44. Qf1 $1 $18 {[%cal Rf1b1]} Qxg6+ 45. Kh1) 44... Qxb2 $2 {[%mdl 8192]} (44... Qf5+ $11 45. Ke3 Qe6+ 46. Qe4 Qh3+ 47. Kd2 Qh8) 45. g7 $2 (45. Qg5 $18 {And now g7 would win.} Qd4+ 46. Kf3) 45... Qd4+ $11 46. Kf1 Qd1+ 47. Kf2 Qd4+ 48. Kf1 Qf6+ $2 (48... Qa1+ $11 49. Kf2 Qd4+) 49. Ke1 $2 (49. Qf3 $18 Qa1+ 50. Kf2 Qd4+ 51. Ke1 Qa1+ 52. Kd2 Qb2+ 53. Ke1 Qa1+ 54. Kd2 Qb2+ 55. Kd3 Qxg7 56. h4) 49... Qh4+ $2 {[%mdl 8192]} (49... Qa1+ $11 50. Kf2 Qd4+) 50. Qg3 Qb4+ 51. Kf2 Qd4+ 52. Kg2 Qd5+ 53. Kg1 $2 (53. Kh3 $18 Qe6+ 54. Qg4) 53... Qg8 $2 {[%mdl 8192]} (53... Qd1+ $11 54. Kf2 Qd4+ 55. Kf3 Qc3+ 56. Ke4 Qc4+ 57. Kf3 Qc3+ 58. Ke4 Qc4+ 59. Kf5 Qf7+ 60. Ke5 Qe7+ 61. Kd5 Qf7+ 62. Kd4 Qf6+ 63. Qe5 Qd8+ 64. Kc3 Qc8+ 65. Kb2 Qd8) 54. Qg6 Ka7 55. Qf6 Qxa2 {[%mdl 32768] Accuracy: White = 31%, Black = 38%. . Loss on time!?} 0-1

[Event "Stay Safe Play From Home 210"]
[Site "T#646654Emanuel Laske"]
[Date "2020.06.08"]
[Round "3"]
[White "Dukic"]
[Black "Edmatuag"]
[Result "1-0"]
[WhiteElo "1853"]
[BlackElo "1734"]
[Annotator "NA RC"]
[PlyCount "43"]
[EventDate "2020.06.08"]
[EventType "swiss (blitz)"]

1. c4 {[%emt 0:00:04]} c5 {[%emt 0:00:01]} 2. Nc3 {[%emt 0:00:01]} Nf6 {[%emt 0:00:00]} 3. Nf3 {[%emt 0:00:01]} Nc6 {[%emt 0:00:01]} 4. d4 {[%emt 0:00:01]} cxd4 {[%emt 0:00:01]} 5. Nxd4 {[%emt 0:00:01]} g6 {[%emt 0:00:01]} 6. Nc2 {[%emt 0:00:02]} Bg7 {[%emt 0:00:01]} 7. g3 {[%emt 0:00:01]} O-O {[%emt 0:00:01]} 8. Bg2 {[%emt 0:00:01]} a6 {[%emt 0:00:05]} 9. O-O {[%emt 0:00:01]} e6 {[%emt 0:00:03]} 10. Bf4 {[%emt 0:00:11]} b6 {[%emt 0:00:12]} 11. Bd6 {[%emt 0:00:02]} Re8 {[%emt 0:00:03]} 12. e4 {[%emt 0:00:05]} e5 {[%emt 0:00:21]} 13. Ne3 {[%emt 0:00:09]} Bf8 {[%emt 0:00:16]} 14. Qd3 {[%emt 0:00:18]} Re6 {[%emt 0:00:39]} 15. Bxf8 {[%emt 0:00:05]} Qxf8 {[%emt 0:00:04]} 16. Rad1 {[%emt 0:00:05]} Nd4 {[%emt 0:00:12]} 17. f4 {[%emt 0:00:05]} d6 {[%emt 0:00:06]} 18. f5 {[%emt 0:00:04]} Re8 {[%emt 0:00:07]} 19. g4 {[%emt 0:00:02]} Nd7 {[%emt 0:00:30]} 20. Ncd5 {[%emt 0:00:06]} g5 {[%emt 0:00:11]} 21. Nc7 {[%emt 0:00:02]} Bb7 {[%emt 0:00:02]} 22. Nxe8 {[%emt 0:00:06] Time (Lag: Av=0.39s, max=0.9s)} 1-0

[Event "Stay Safe Play From Home 210"]
[Site "T#646654Emanuel Laske"]
[Date "2020.06.08"]
[Round "3"]
[White "Buzaglo"]
[Black "Little champs"]
[Result "0-1"]
[WhiteElo "1778"]
[BlackElo "2032"]
[Annotator "TA"]
[PlyCount "154"]
[EventDate "2020.06.08"]
[EventType "swiss (blitz)"]

{[%evp 17,153,56,60,53,110,29,46,-79,-74,-80,-73,-79,-70,-108,-94,-131,-94,-93,-96,-135,-102,-89,55,62,444,429,435,26,24,27,14,10,64,-139,-136,-139,-146,-160,81,68,214,-126,53,31,33,36,160,147,255,230,208,0,0,-437,-431,-439,-435,-407,-349,-462,-462,-423,-416,-29998,-406,-398,-396,-367,-349,-352,-185,-339,-225,-288,-288,-423,-423,-418,-418,-416,-410,-406,-392,-1151,-1144,-4935,-4935,-29976,-29977,-29979,-29980,-29981,-29982,-29984,-29979,-29982,-29981,-29988,-29988,-29988,-29989,-29990,-29991,-29992,-29993,-29995,-29994,-29997,-29997,-29997,-29996,-29997,-29998,-29998,-29998,-29998,-29999,-29999,-29996,-29996,-29996,-29996,-29996,-29996,-29997,-29997,-29996,-29998,-29997,-29997,-29998,-29998,-29998,-29998,-29998,-29998,-29999,-29999]} 1. d4 c5 2. d5 d6 3. Nf3 Nf6 4. g3 g6 5. Bg2 Bg7 6. O-O O-O 7. c4 b6 8. Nc3 Bb7 9. e4 Nbd7 10. Re1 {A50: Queen's Fianchetto Defence (1 d4 Nf6 2 c4 b6).} Ng4 {[#]} (10... a6 $14) 11. h3 $146 (11. Nh4 $16 Ngf6 12. f4) ({Predecessor:} 11. Bd2 Nde5 12. Nxe5 Nxe5 13. Qe2 Ba6 14. b3 Bc8 15. f4 Ng4 16. Rf1 Bd7 17. h3 Bd4+ {1-0 (36) Farias,E (1854)-Almeida,R (1431) Teresina 2017}) 11... Nge5 $11 12. Bf4 (12. Nxe5 $14 Nxe5 13. Bf1) 12... Nxc4 $17 13. Qe2 Nce5 14. Nxe5 Nxe5 15. Rad1 a5 16. Nb5 Ba6 17. a4 Qd7 18. h4 Rfc8 19. Kh2 c4 ({Black should play} 19... Bxb5 $17 20. axb5 Ng4+ 21. Kg1 Ne5) 20. Bh3 $14 e6 $2 {[%mdl 8192]} (20... f5 $14) 21. dxe6 $18 fxe6 22. Nd4 $2 ({White has to play} 22. Rxd6 $18 Qe7 23. Bxe6+ Kh8 24. Bxc8 Bxc8 25. Bg5) 22... Re8 $11 {White must now prevent ...Nd3.} 23. Bxe5 $1 Bxe5 24. f4 Bg7 ({Better is} 24... Bxd4 $1 $11 25. Rxd4 Rad8) 25. Nb5 $2 (25. e5 $14 {stays ahead.}) 25... Bxb5 $17 26. axb5 Qxb5 27. Rxd6 Kh8 $2 (27... Qxb2 $17 {and life is bright.} 28. Bxe6+ Rxe6 $1 {[%mdl 512]} 29. Rxe6 Qxe2+ 30. Rxe2 b5) 28. e5 $16 a4 (28... Bf8 $14) 29. Qe3 $2 (29. Rxe6 $6 Red8 $16) ({White should try} 29. Bxe6 $18 {And now Bd7 would win.} Qb4 30. Bxc4) 29... Qb3 $2 (29... Qxb2+ $17 30. Re2 Qb3) 30. Rxb6 Qxe3 31. Rxe3 Rad8 (31... Rab8 $14 32. Rxb8 (32. Rxe6 Rxb2+ 33. Kh1 Reb8 $17) 32... Rxb8) 32. Bxe6 ({Worse is} 32. Rxe6 Rd2+ 33. Kh1 Rb8 $11) 32... Rd2+ {[#]} (32... Rb8 $16 {keeps fighting.} 33. Rxb8 Rxb8) 33. Kh3 $1 $18 Bf8 {Threatens to win with ...Bc5.} 34. Bxc4 $2 (34. Rc3 $18) 34... Bc5 $36 {[%mdl 2112] Double Attack. Black has the initiative.} 35. Bb5 $2 {[%mdl 8192]} (35. Rd3 $11 Rxd3 36. Rc6) 35... Bxe3 $19 ({Don't take} 35... Bxb6 36. Ra3 $19) 36. Ra6 Rb8 37. Bxa4 h5 38. b3 Bg1 {[%csl Gg1][%cal Rd2h2]} 39. g4 Rbd8 {[%cal Rd8d3]} 40. gxh5 (40. Bb5 $19) 40... gxh5 (40... R8d3+ $142 41. Kg4 Rg2#) 41. Rh6+ Kg7 {[%cal Rd8d3]} 42. Rxh5 {Threatening Rg5+.} R8d3+ 43. Kg4 Rg2+ 44. Kf5 Rdg3 45. e6 {aiming for e7.} Bc5 46. Ke4 (46. Rg5+ {was necessary.} Rxg5+ 47. fxg5) 46... Re2+ 47. Kd5 Be7 48. Rf5 {next Rf7+ is good for White.} Bf6 49. h5 Rge3 50. h6+ $2 (50. e7 Rd2+ 51. Kc6) 50... Kg6 51. Re5 Bxe5 52. fxe5 Rxe5+ {[%mdl 64] Double Attack. Black mates.} 53. Kd6 Rxe6+ 54. Kc5 Kxh6 55. Bd7 Re7 56. Ba4 Kg5 57. Kb4 Kf4 58. Kc4 Ke5 59. Kc5 Rc7+ 60. Kb4 Kd4 61. Ka3 Re1 62. Ka2 Kc3 63. Bb5 Kb4 {[%cal Rc7c2]} 64. Kb2 Kxb5 65. b4 Re2+ 66. Kb3 Rc4 67. Ka3 Re3+ 68. Kb2 Rxb4+ 69. Kc2 Rbe4 70. Kd2 Kc4 71. Kc2 Kd4 72. Kd1 Rf4 73. Kc2 Rf2+ 74. Kd1 Rg3 {[%cal Rg3g1,Be3g3,Bg3b3,Bb3b1][%mdl 32]} 75. Ke1 Ra2 {[%cal Rg3g1]} 76. Kf1 Rb3 {[%cal Rb3b1]} 77. Ke1 Rb1# {A wild game. Accuracy: White = 37%, Black = 44%.} 0-1

[Event "Stay Safe Play From Home 210"]
[Site "T#646654Emanuel Laske"]
[Date "2020.06.08"]
[Round "3"]
[White "DrKHF"]
[Black "Lucknow"]
[Result "0-1"]
[WhiteElo "1692"]
[BlackElo "1707"]
[Annotator "NA RC"]
[PlyCount "110"]
[EventDate "2020.06.08"]
[EventType "swiss (blitz)"]

1. d4 {[%emt 0:00:02]} d5 {[%emt 0:00:01]} 2. c4 {[%emt 0:00:02]} c6 {[%emt 0:00:01]} 3. Nc3 {[%emt 0:00:02]} e6 {[%emt 0:00:01]} 4. Bf4 {[%emt 0:00:01]} Nf6 {[%emt 0:00:01]} 5. e3 {[%emt 0:00:01]} Bd6 {[%emt 0:00:01]} 6. Bg3 {[%emt 0:00:02]} b6 {[%emt 0:00:01]} 7. Nf3 {[%emt 0:00:02]} O-O {[%emt 0:00:01]} 8. Rc1 {[%emt 0:00:02]} a6 {[%emt 0:00:01]} 9. Be2 {[%emt 0:00:01]} Qc7 {[%emt 0:00:01]} 10. O-O {[%emt 0:00:08]} Bxg3 {[%emt 0:00:02]} 11. hxg3 {[%emt 0:00:02]} Nbd7 {[%emt 0:00:01]} 12. Qb3 {[%emt 0:00:02]} Bb7 {[%emt 0:00:14]} 13. cxd5 {[%emt 0:00:04]} exd5 {[%emt 0:00:01]} 14. Nxd5 {[%emt 0:00:04]} Nxd5 {[%emt 0:00:02]} 15. Qxd5 {[%emt 0:00:03]} cxd5 {[%emt 0:00:01]} 16. Rxc7 {[%emt 0:00:02]} Bc8 {[%emt 0:00:05]} 17. Rfc1 {[%emt 0:00:09]} Nf6 {[%emt 0:00:01]} 18. Ne5 {[%emt 0:00:03]} Be6 {[%emt 0:00:03]} 19. Rb7 {[%emt 0:00:09]} Rfb8 {[%emt 0:00:03]} 20. Rcc7 {[%emt 0:00:03]} Ne4 {[%emt 0:00:07]} 21. Nc6 {[%emt 0:00:14]} Rxb7 {[%emt 0:00:06]} 22. Rxb7 {[%emt 0:00:02]} b5 {[%emt 0:00:04]} 23. Nb4 {[%emt 0:00:18]} g6 {[%emt 0:00:17]} 24. Rb6 {[%emt 0:00:07]} Bc8 {[%emt 0:00:07]} 25. g4 {[%emt 0:00:06]} Kg7 {[%emt 0:00:02]} 26. f3 {[%emt 0:00:06]} Nd2 {[%emt 0:00:01]} 27. Nxd5 {[%emt 0:00:10]} Ra7 {[%emt 0:00:10]} 28. b3 {[%emt 0:00:04]} Be6 {[%emt 0:00:04]} 29. Nf4 {[%emt 0:00:02]} Bd7 {[%emt 0:00:05]} 30. Kf2 {[%emt 0:00:02]} Nb1 {[%emt 0:00:01]} 31. Bd3 {[%emt 0:00:02]} Nc3 {[%emt 0:00:01]} 32. a3 {[%emt 0:00:06]} h6 {[%emt 0:00:09]} 33. Ne2 {[%emt 0:00:05]} Nd5 {[%emt 0:00:02]} 34. Rd6 {[%emt 0:00:04]} Be6 {[%emt 0:00:01]} 35. e4 {[%emt 0:00:03]} Ne7 {[%emt 0:00:05]} 36. d5 {[%emt 0:00:01]} Bc8 {[%emt 0:00:03]} 37. Nd4 {[%emt 0:00:02]} Kf8 {[%emt 0:00:01]} 38. Nc6 {[%emt 0:00:01]} Nxc6 {[%emt 0:00:01]} 39. Rxc6 {[%emt 0:00:01]} Bd7 {[%emt 0:00:02]} 40. Rc5 {[%emt 0:00:03]} Ke7 {[%emt 0:00:01]} 41. Ke3 {[%emt 0:00:01]} Kd6 {[%emt 0:00:01]} 42. Kd4 {[%emt 0:00:01]} f6 {[%emt 0:00:01]} 43. f4 {[%emt 0:00:01]} Bxg4 {[%emt 0:00:03]} 44. e5+ {[%emt 0:00:01]} fxe5+ {[%emt 0:00:00]} 45. fxe5+ {[%emt 0:00:01]} Kd7 {[%emt 0:00:01]} 46. Bxg6 {[%emt 0:00:01]} h5 {[%emt 0:00:02]} 47. Bf7 {[%emt 0:00:02]} h4 {[%emt 0:00:02]} 48. e6+ {[%emt 0:00:01]} Ke7 {[%emt 0:00:01]} 49. Rc8 {[%emt 0:00:01]} a5 {[%emt 0:00:06]} 50. Rh8 {[%emt 0:00:02]} Kf6 {[%emt 0:00:00]} 51. Rxh4 {[%emt 0:00:02]} Bd1 {[%emt 0:00:00]} 52. Rf4+ {[%emt 0:00:01]} Ke7 {[%emt 0:00:01]} 53. g3 {[%emt 0:00:01]} Bxb3 {[%emt 0:00:02]} 54. Ke5 {[%emt 0:00:01]} Bxd5 {[%emt 0:00:02]} 55. Kxd5 {[%emt 0:00:01]} b4 {[%emt 0:00:00] Zeit (Lag: Av=0.41s, max=3.2s)} 0-1

[Event "Stay Safe Play From Home 210"]
[Site "T#646654Emanuel Laske"]
[Date "2020.06.08"]
[Round "3"]
[White "Tobo Rubirosa"]
[Black "Trotsky"]
[Result "0-1"]
[WhiteElo "1608"]
[BlackElo "1590"]
[Annotator "NA RC"]
[PlyCount "82"]
[EventDate "2020.06.08"]
[EventType "swiss (blitz)"]

1. Nf3 {[%emt 0:00:02]} c5 {[%emt 0:00:01]} 2. d4 {[%emt 0:00:01]} cxd4 {[%emt 0:00:02]} 3. Nxd4 {[%emt 0:00:02]} Nf6 {[%emt 0:00:01]} 4. g3 {[%emt 0:00:02]} e6 {[%emt 0:00:01]} 5. Bg2 {[%emt 0:00:01]} d6 {[%emt 0:00:01]} 6. O-O {[%emt 0:00:01]} Qc7 {[%emt 0:00:01]} 7. b3 {[%emt 0:00:03]} Nc6 {[%emt 0:00:01]} 8. c4 {[%emt 0:00:02]} Nxd4 {[%emt 0:00:02]} 9. Qxd4 {[%emt 0:00:02]} e5 {[%emt 0:00:01]} 10. Qd2 {[%emt 0:00:02]} Be7 {[%emt 0:00:04]} 11. Bb2 {[%emt 0:00:01]} O-O {[%emt 0:00:03]} 12. Nc3 {[%emt 0:00:03]} a6 {[%emt 0:00:02]} 13. Rac1 {[%emt 0:00:04]} Rb8 {[%emt 0:00:01]} 14. Rfd1 {[%emt 0:00:01]} b6 {[%emt 0:00:01]} 15. Nd5 {[%emt 0:00:02]} Nxd5 {[%emt 0:00:02]} 16. Bxd5 {[%emt 0:00:02]} Bb7 {[%emt 0:00:01]} 17. Bxb7 {[%emt 0:00:01]} Rxb7 {[%emt 0:00:01]} 18. Qd5 {[%emt 0:00:04]} Kh8 {[%emt 0:00:04]} 19. Ba3 {[%emt 0:00:03]} Rd8 {[%emt 0:00:08]} 20. Rd2 {[%emt 0:00:06]} Bf6 {[%emt 0:00:04]} 21. e4 {[%emt 0:00:11]} Bg5 {[%emt 0:00:07]} 22. Rcd1 {[%emt 0:00:19]} Bxd2 {[%emt 0:00:03]} 23. Rxd2 {[%emt 0:00:01]} f5 {[%emt 0:00:05]} 24. exf5 {[%emt 0:00:06]} e4 {[%emt 0:00:01]} 25. Qxe4 {[%emt 0:00:05]} Qf7 {[%emt 0:00:10]} 26. Qd5 {[%emt 0:00:10]} Qe8 {[%emt 0:00:05]} 27. Kg2 {[%emt 0:00:11]} Re7 {[%emt 0:00:02]} 28. c5 {[%emt 0:00:15]} Re5 {[%emt 0:00:02]} 29. Qd4 {[%emt 0:00:02]} Qc6+ {[%emt 0:00:05]} 30. f3 {[%emt 0:00:05]} bxc5 {[%emt 0:00:03]} 31. Qd3 {[%emt 0:00:09]} d5 {[%emt 0:00:03]} 32. f6 {[%emt 0:00:07]} gxf6 {[%emt 0:00:03]} 33. Bb2 {[%emt 0:00:02]} Rh5 {[%emt 0:00:06]} 34. Qe3 {[%emt 0:00:15]} d4 {[%emt 0:00:04]} 35. Qe7 {[%emt 0:00:02]} Re8 {[%emt 0:00:13]} 36. Qf7 {[%emt 0:00:02]} Qc8 {[%emt 0:00:06]} 37. Qxh5 {[%emt 0:00:02] Tobo Rubirosa ofrece tablas} Qd8 {[%emt 0:00:05]} 38. Qf5 {[%emt 0:00:01]} Qe7 {[%emt 0:00:06]} 39. Rf2 {[%emt 0:00:03]} Rf8 {[%emt 0:00:05]} 40. Bc1 {[%emt 0:00:02]} Qg7 {[%emt 0:00:02]} 41. Kf1 {[%emt 0:00:02]} Rg8 {[%emt 0:00:01] Tiempo (Lag: Av=0.54s, max=3.4s) .} 0-1

[Event "Stay Safe Play From Home 210"]
[Site "T#646654Emanuel Laske"]
[Date "2020.06.08"]
[Round "3"]
[White "Sadbat1122"]
[Black "Fingerfehler1"]
[Result "1-0"]
[WhiteElo "1566"]
[BlackElo "1638"]
[Annotator "NA"]
[PlyCount "83"]
[EventDate "2020.06.08"]
[EventType "swiss (blitz)"]

1. e4 {[%emt 0:00:23]} c5 {[%emt 0:00:02]} 2. Nf3 {[%emt 0:00:03]} Nc6 {[%emt 0:00:01]} 3. Bb5 {[%emt 0:00:02]} g6 {[%emt 0:00:09]} 4. Bxc6 {[%emt 0:00:02]} bxc6 {[%emt 0:00:01]} 5. c3 {[%emt 0:00:02]} Bg7 {[%emt 0:00:04]} 6. d4 {[%emt 0:00:02]} cxd4 {[%emt 0:00:12]} 7. cxd4 {[%emt 0:00:02]} Nf6 {[%emt 0:00:01]} 8. Nc3 {[%emt 0:00:02]} Qa5 {[%emt 0:00:04]} 9. Bd2 {[%emt 0:00:04]} Ba6 {[%emt 0:00:13]} 10. Qc2 {[%emt 0:00:05]} Qb6 {[%emt 0:00:12]} 11. Nd5 {[%emt 0:00:04]} cxd5 {[%emt 0:00:06]} 12. e5 {[%emt 0:00:02]} Ne4 {[%emt 0:00:07]} 13. Be3 {[%emt 0:00:05]} Qb4+ {[%emt 0:00:07]} 14. Nd2 {[%emt 0:00:02]} Nxd2 {[%emt 0:00:06]} 15. Bxd2 {[%emt 0:00:04]} Qxd4 {[%emt 0:00:03]} 16. Be3 {[%emt 0:00:03]} Qxe5 {[%emt 0:00:06]} 17. Qa4 {[%emt 0:00:07]} Bd3 {[%emt 0:00:16]} 18. Rd1 {[%emt 0:00:11]} Bf5 {[%emt 0:00:12]} 19. O-O {[%emt 0:00:03]} O-O {[%emt 0:00:04]} 20. Bd4 {[%emt 0:00:03]} Qe2 {[%emt 0:00:10]} 21. Rfe1 {[%emt 0:00:04]} Qc4 {[%emt 0:00:05]} 22. Qxc4 {[%emt 0:00:11]} dxc4 {[%emt 0:00:00]} 23. Bxg7 {[%emt 0:00:02]} Kxg7 {[%emt 0:00:01]} 24. h3 {[%emt 0:00:01]} Rfe8 {[%emt 0:00:07]} 25. g4 {[%emt 0:00:02]} Be6 {[%emt 0:00:01]} 26. f4 {[%emt 0:00:02]} d5 {[%emt 0:00:03]} 27. f5 {[%emt 0:00:07]} gxf5 {[%emt 0:00:01]} 28. gxf5 {[%emt 0:00:01]} Bxf5 {[%emt 0:00:00]} 29. Rxd5 {[%emt 0:00:02]} Bxh3 {[%emt 0:00:01]} 30. Rg5+ {[%emt 0:00:07]} Kh8 {[%emt 0:00:02]} 31. Kh2 {[%emt 0:00:03]} Be6 {[%emt 0:00:03]} 32. a3 {[%emt 0:00:08]} Rg8 {[%emt 0:00:02]} 33. Rh5 {[%emt 0:00:04]} Rg6 {[%emt 0:00:02]} 34. Re2 {[%emt 0:00:04]} Rag8 {[%emt 0:00:02]} 35. Rh4 {[%emt 0:00:02]} h6 {[%emt 0:00:02]} 36. a4 {[%emt 0:00:04]} Kh7 {[%emt 0:00:00]} 37. a5 {[%emt 0:00:02]} a6 {[%emt 0:00:01]} 38. Rh5 {[%emt 0:00:06]} Rg5 {[%emt 0:00:01]} 39. Rh4 {[%emt 0:00:01]} Rg4 {[%emt 0:00:01]} 40. Rh3 {[%emt 0:00:02]} R8g5 {[%emt 0:00:01]} 41. Rf2 {[%emt 0:00:03]} Re4 {[%emt 0:00:03]} 42. Rhf3 {[%emt 0:00:03] Zeit (Lag: Av=0.82s, max=5.0s)} 1-0